000 00213nam a22000857a 4500
008 160624b xxu||||| |||| 00| 0 eng d
100 _91093
_aFrazier, A
245 _aThe Secret Baby
260 _aN.Y
_bSilhouette Books
_c1995
999 _c879
_d879